| 000 | 00546nam a2200181 4500 | ||
|---|---|---|---|
| 001 | 137324 | ||
| 003 | ES-MaACL | ||
| 007 | t| | ||
| 008 | 070214s1983 sp r ||||1| spa d | ||
| 100 | 1 |
_aSánchez, Arsenio. _9102342 |
|
| 245 | 1 | 4 |
_aUna metodología de la lengua oral / _cArsenio Sánchez. |
| 260 |
_aMadrid : _bEscuela Española, _c1983. |
||
| 300 |
_a207 p. ; _c18 cm. |
||
| 490 | 1 |
_aCol. práctica educativa ; _v26 |
|
| 830 | 0 |
_aCol. práctica educativa ; _v26 _9220073 |
|
| 852 |
_aES-MaACL _jL-4725 _bR.105415 |
||
| 999 |
_c137324 _d137324 |
||